|
|
|
|
| LEADER |
00000nam0a2200000 4500 |
| 001 |
294053 |
| 005 |
20250211063208.0 |
| 035 |
|
|
|a (RuTPU)RU\TPU\book\319103
|
| 090 |
|
|
|a 294053
|
| 100 |
|
|
|a 20150508d1983 k y0rusy5003 ca
|
| 101 |
0 |
|
|a rus
|
| 102 |
|
|
|a RU
|
| 105 |
|
|
|a a z 001zy
|
| 200 |
1 |
|
|a Гидродинамика, электрофизика и теплофизика монохроматически диспергированного вещества
|e тематический сборник
|f Московский энергетический институт (МЭИ) ; под ред. В. А. Григорьева
|
| 210 |
|
|
|a Москва
|c Изд-во МЭИ
|d 1983
|
| 215 |
|
|
|a 144 с.
|c ил.
|d 20 см
|
| 225 |
1 |
|
|a Труды Московского энергетического института (МЭИ)
|a Вып. 615
|
| 320 |
|
|
|a Библиография в конце статей
|
| 500 |
1 |
0 |
|a Труды Московского энергетического института
|9 88841
|
| 606 |
1 |
|
|a Гидромеханические процессы
|2 stltpush
|3 (RuTPU)RU\TPU\subj\31556
|9 54382
|
| 610 |
1 |
|
|a монодиспергированные вещества
|
| 610 |
1 |
|
|a гидродинамика
|
| 610 |
1 |
|
|a электрофизика
|
| 610 |
1 |
|
|a теплофизика
|
| 610 |
1 |
|
|a жидкости
|
| 610 |
1 |
|
|a жидкие струи
|
| 610 |
1 |
|
|a капиллярный распад
|
| 610 |
1 |
|
|a идеальная жидкость
|
| 610 |
1 |
|
|a вязкая жидкость
|
| 610 |
1 |
|
|a параметры
|
| 610 |
1 |
|
|a описание
|
| 610 |
1 |
|
|a физические эффекты
|
| 610 |
1 |
|
|a сферические макрочастицы
|
| 610 |
1 |
|
|a обтекание
|
| 610 |
1 |
|
|a торможение
|
| 610 |
1 |
|
|a газовые потоки
|
| 675 |
|
|
|a 66.06
|v 4
|
| 702 |
|
1 |
|a Григорьев
|b В. А.
|4 340
|
| 712 |
0 |
2 |
|a Московский энергетический институт (МЭИ)
|c (1930-1992)
|3 (RuTPU)RU\TPU\col\20092
|
| 801 |
|
0 |
|a RU
|b RuMRKP
|c 19950704
|g psbo
|
| 801 |
|
1 |
|a RU
|b 63413507
|c 20150508
|
| 801 |
|
2 |
|a RU
|b 63413507
|c 20170721
|g RCR
|
| 942 |
|
|
|c BK
|